MARC details
| 000 -CABECERA |
| campo de control de longitud fija |
02551nam a2200277 a 4500 |
| 001 - NÚMERO DE CONTROL |
| campo de control |
000016096 |
| 005 - FECHA Y HORA DE LA ÚLTIMA TRANSACCIÓN |
| campo de control |
20240502134558.0 |
| 008 - DATOS DE LONGITUD FIJA--INFORMACIÓN GENERAL |
| campo de control de longitud fija |
100225s2008 dr a 001 0 spa d |
| 020 ## - NÚMERO INTERNACIONAL ESTÁNDAR DEL LIBRO |
| Número Internacional Estándar del Libro |
9789993425755 |
| 040 ## - FUENTE DE LA CATALOGACIÓN |
| Centro catalogador/agencia de origen |
DO-SdBNP |
| Lengua de catalogación |
spa |
| Centro/agencia transcriptor |
BNPHU |
| 082 ## - NÚMERO DE LA CLASIFICACIÓN DECIMAL DEWEY |
| Número de clasificación |
658.154 |
| Número de documento/Ítem |
S838p |
| 100 1# - ENTRADA PRINCIPAL--NOMBRE DE PERSONA |
| Nombre de persona |
Sterling O., Fanny |
| 9 (RLIN) |
36082 |
| 245 10 - MENCIÓN DE TÍTULO |
| Título |
Del presupuesto al plan anual de utilidades : |
| Resto del título |
evolución de la presupuestación en los sistemas de planeamiento en las empresas / |
| Mención de responsabilidad, etc. |
Fanny Sterling O. ; prólogo Paulo Herrera Maluf. |
| 260 ## - PUBLICACIÓN, DISTRIBUCIÓN, ETC. |
| Lugar de publicación, distribución, etc. |
Santo Domingo, : |
| Nombre del editor, distribuidor, etc. |
INTEC, |
| Fecha de publicación, distribución, etc. |
2008. |
| 300 ## - DESCRIPCIÓN FÍSICA |
| Extensión |
192 p. : |
| Otras características físicas |
il. ; |
| Dimensiones |
23 cm. |
| 590 ## - NOTA LOCAL (RLIN) |
| Nota local |
Inventariado, 2018/ YL |
| 500 ## - NOTA GENERAL |
| Nota general |
Incluye datos biográficos de la autora en la solapa de la cubierta |
| 504 ## - NOTA DE BIBLIOGRAFÍA, ETC. |
| Nota de bibliografía, etc. |
Bibliografía: p. 187-192 |
| 505 0# - NOTA DE CONTENIDO CON FORMATO |
| Nota de contenido con formato |
Introducción -- El contexto evolutivo de la presupuestación El paralelismo evolutivo de la administración como ciencia aplicada y el presupuesto -- El producto del pensamiento administrativo : las herramientas técnicas como instrumentos de trabajo de la gerencia -- De las herramientas gerenciales de la sociedad industrial a las de la sociedad de la información -- Las técnicas y enfoques surgidos en la sociedad industrial 35 Las técnicas y enfoques de la sociedad de la información -- La evolución del presupuesto como herramienta gerencial : un caso de excepción Una evolución interesante del presupuesto de la sociedad industrial al plan anual de utilidades de la sociedad de la información -- Evolución de la presupuestación en los sistemas de planeamiento en las empresas -- Evolución del planeamiento en las organizaciones -- Las 5 etapas en la evolución del planeamiento en las organizaciones -- Etapa I (1910-193X) : presupuestos anuales -- Etapa II (194X-195X) : presupuestos y proyecciones a largo plazo -- Etapas III (1960-1965) y IV (1965-197X) : plan anual de utilidades, planeamiento estratégico y la estrategia -- Etapa V (1979-20XX)) : plan anual de utilidades y la administración estratégica -- Evolución de la presupuestación : síntesis valorativa -- Los trends de la presupuestación -- La presupuestación y el plan anual de utilidades : una mirada prospectiva -- Necesidad de cambios en el proceso de presupuestación -- La prospectiva. |
| 650 #4 - PUNTO DE ACCESO ADICIONAL DE MATERIA--TÉRMINO DE MATERIA |
| Término de materia o nombre geográfico como elemento de entrada |
Presupuesto (empresas privadas) |
| 9 (RLIN) |
36083 |
| 650 #4 - PUNTO DE ACCESO ADICIONAL DE MATERIA--TÉRMINO DE MATERIA |
| Término de materia o nombre geográfico como elemento de entrada |
Administración financiera |
| 9 (RLIN) |
6342 |
| 650 #0 - PUNTO DE ACCESO ADICIONAL DE MATERIA--TÉRMINO DE MATERIA |
| Término de materia o nombre geográfico como elemento de entrada |
Presupuesto |
| 9 (RLIN) |
6404 |
| 700 12 - PUNTO DE ACCESO ADICIONAL--NOMBRE DE PERSONA |
| Nombre de persona |
Herrera Maluf, Paulo |
| Término indicativo de función/relación |
pról. |
| 9 (RLIN) |
36084 |
| 710 22 - PUNTO DE ACCESO ADICIONAL--NOMBRE DE ENTIDAD CORPORATIVA |
| Nombre de entidad corporativa o nombre de jurisdicción como elemento de entrada |
Instituto Tecnológico de Santo Domingo |
| 9 (RLIN) |
78911 |
| 910 ## - DATOS DE OPCIÓN DEL USUARIO (OCLC) |
| Datos de opción del usuario |
Validado. Control de calidad MFF |